Capitales contenant la lettre - A - Statistiques

Statistiques générales
  • Ce quiz a été pris 596 fois
    554 depuis la dernière actualisation
  • Le résultat moyen est 104 sur 148
Statistiques - réponses
Noms % Correct
Paris
95%
Madrid
92%
Alger
90%
Ottawa
90%
Washington
90%
Amsterdam
89%
Rabat
89%
Athenes
88%
Brasilia
88%
Canberra
88%
Andorre-la-Vieille
86%
Bucarest
86%
Budapest
86%
Le Caire
86%
Buenos Aires
83%
Dacca
83%
Lima
83%
Riga
82%
Varsovie
82%
Zagreb
82%
Ankara
81%
Bagdad
81%
Bogota
81%
Bratislava
81%
Doha
81%
Prague
81%
Vatican
81%
Kaboul
80%
Manille
80%
Saint-Marin
80%
Santiago
80%
Addis Abeba
79%
Asuncion
79%
Caracas
79%
Copenhague
79%
Damas
79%
Jakarta
79%
La Havane
79%
La Valette
79%
Nairobi
79%
Riyad
79%
Tallinn
79%
Islamabad
78%
Bangkok
77%
Noursoultan
77%
Pretoria
77%
Téheran
77%
Vaduz
77%
Dakar
76%
Hanoi
76%
Ljubljana
76%
Reykjavik
76%
Tirana
76%
Abou Dabi
75%
Accra
75%
Amman
75%
Bakou
75%
Belgrade
75%
Brazzaville
75%
Erevan
75%
Jerusalem
75%
Katmandou
75%
Luanda
75%
Monaco
75%
Oulan-Bator
75%
Podgorica
75%
Pristina
75%
Sarajevo
75%
Kinshasa
74%
Pyongyang
74%
Sanaa
74%
Bamako
73%
San Jose
73%
Sofia
73%
Vientiane
73%
Yamoussoukro
73%
Yaoundé
73%
Malé
72%
Abuja
71%
Asmara
71%
Bangui
71%
Chisinau
71%
Nassau
71%
Paramaribo
71%
San Salvador
71%
Singapour
71%
Victoria
71%
Khartoum
70%
Kuala Lumpur
69%
Djouba
68%
Harare
68%
Lusaka
68%
Sainte Domingue
68%
Taipei
68%
Apia
67%
Managua
67%
Mascate
67%
Mogadiscio
67%
Niamey
67%
Praia
67%
Achgabat
66%
Bissau
66%
Conakry
66%
Kampala
66%
Manama
66%
Nouakchott
66%
Suva
66%
Tachkent
66%
Banjul
65%
Port-au-Prince
65%
Maputo
64%
N'Djamena
64%
Ouagadougou
64%
Port d'Espagne
64%
Tegucigalpa
64%
Douchanbé
63%
Gaborone
63%
Gitega
63%
Kigali
63%
Port-Vila
63%
Sao Tomé
63%
Dodoma
62%
Bandar Seri Begawan
61%
Belmopan
61%
Monrovia
60%
Castries
59%
Malabo
59%
Basseterre
58%
Mbabane
58%
Saint John's
58%
Roseau
57%
Saint-Georges
57%
Yaren
57%
Honiara
55%
Guatemala City
54%
Maseru
54%
Funafuti
53%
Naypyidaw
53%
Majuro
52%
Palikir
51%
Tarawa
50%
Panama City
49%
Nuku'alofa
46%
Tananarive
42%
Sri Jayawardenapura Kotte
35%
Alofi
10%
Ramallah
10%
Avarua
5%
Aucun quiz correspondant
Distribution des résultats
% des personnes avec chaque résultat
Percentile par nombre de réponses
Votre historique - résultats
Vous n’avez pas pris ce quiz depuis la dernière actualisation